000 00352nam a2200121Ia 4500
008 220620s9999||||xx |||||||||||||| ||und||
020 _a9781840000000
245 0 _aInnate Immunity in Health and Disease
546 _aEnglish[eng]
700 _aSaxena, Shailendra K.||Prakash, Hridayesh
856 _uhttps://www.intechopen.com/books/8959
942 _cEB
999 _c24640
_d24640